Rascacielos más altos de España - Estadísticas

Estadísticas generales
  • Esta prueba ha sido intentada 48 veces
  • La puntuación promedio es 5 de 15
Estadísticas de respuestas
Posición Altura (m) Ciudad Respuesta % Correcto
1 249 Madrid Torre de Cristal
55%
5 202 Benidorm Intempo
52%
2 248 Madrid Torre Cepsa
50%
6 186 Benidorm Gran Hotel Bali
45%
9 165 Bilbao Torre Iberdrola
45%
8 180 Sevilla Torre Sevilla
43%
11 156 Madrid Torre Picasso
39%
13 154 Barcelona Torre Mapfre
32%
3 236 Madrid Torre PwC
30%
4 224 Madrid Torre Emperador Castellana
25%
7 181 Madrid Caleido
20%
12 154 Barcelona Hotel Arts Barcelona
16%
15 144 Barcelona Torre Glòries
14%
10 158 Benidorm Torre Lúgano
11%
14 148 Benidorm Neguri Gane
5%
No se encontraron pruebas coincidentes
Distribución de puntuación
Porcentaje de gente con cada puntuación
Porcentaje por número respondido
Historial de tus puntuaciones
No has intentado esta prueba.